Tilastot visalle Australiaa lähimpänä olevat valtiot

Klikkaa tästä pelataksesi tätä visaa!

Yleistilastot

  • Tätä visaa on pelattu 183 kertaa
  • Keskiarvotulos 16 / 20

Vastaustilastot

KilometritValtioMailit% Oikein
1303Uusi-Seelanti810
100%
123Indonesia76
97%
4Papua-Uusi-Guinea2
89%
2250Malesia1398
86%
2863Nauru1779
86%
2591Fidži1610
86%
1920Filippiinit1193
83%
3391Thaimaa2107
82%
3199Tuvalu1988
81%
3413Vietnam2121
81%
1744Vanuatu1084
81%
1778Mikronesia1105
80%
1391Salomonsaaret864
80%
3266Marshallinsaaret2029
78%
2798Singapore1738
77%
3228Tonga2006
77%
461Itä-Timor286
77%
1995Palau1240
75%
3086Kiribati1918
73%
2402Brunei1493
68%

Tulosjakauma

Persentiili vastausten määrän mukaan

Jokaisen tuloksen saaneiden osuus

Tuloshistoriasi

Et ole pelannut tätä visaa